| 000 | 00865nam a2200229Ia 4500 | ||
|---|---|---|---|
| 001 | 10150 | ||
| 003 | GE_BSU | ||
| 008 | 181216s||||||||xx |||||||||||||| ||und|| | ||
| 040 | _cGE_BSU | ||
| 080 | _a821.353.1+821.353.-32+821.353.1-94 | ||
| 100 | _aსულიაშვილი,დავით | ||
| 245 | _aთხზულებანი ორ ტომად. ტ.2 | ||
| 245 | _bმოთხრობები,მოგონებები | ||
| 245 | _cრედ.კ.ბობოხიძე.მხატვ.ნ.სინველი | ||
| 260 | _aთბილისი | ||
| 260 | _bსაბჭოთა საქართველო | ||
| 260 | _c1963 | ||
| 300 | _a387გვ.22სმ. | ||
| 653 | _aთხზულებანი ორ ტომად | ||
| 653 | _aმოთხრობები,მოგონებები | ||
| 942 | _cBK | ||
| 999 |
_c43420 _d43420 |
||